Тест на общие знания №37 - Statistics

General Stats
  • This quiz has been taken 33 times
  • The average score is 10 of 20
Answer Stats
Вопрос Ответ % Correct
Какая княгиня сожгла древлян, отомстив за убийство своего мужа? Ольга
90%
На какую часть тела падки зомби? мозг
86%
Какой вид ящериц может менять свой цвет? хамелеон
76%
Какое животное изображено на логотипе Всемирного фонда дикой природы? панда
76%
Кто, согласно Библии, является самым первым убийцей на Земле? Каин
71%
Из какого языка пришли слова "сундук", "алгебра" и "карамель"? арабский
67%
Что ест пескетарианец, чего не ест вегетарианец? рыба
62%
Назовите отца Тора и Локи Один
62%
Какая часть субмарины служит для наблюдения за внешней средой? перископ
57%
Какой танец появился в области на границе Аргентины и Уругвая? танго
52%
Жители какой страны называют себя мадьярами? Венгрия
43%
Какой путь соединял Китай со Средиземноморьем? Великий Шёлковый путь
43%
В каком фильме прозвучала фраза "Жених приехал"? "Груз 200"
43%
Что съел Монки Д. Луффи, чтобы обрести способность растягиваться? дьявольский фрукт
38%
Какой волк, согласно фразеологизму, товарищ неприятному человеку? тамбовский
29%
Чьё настоящее имя - Кал-Эл? Супермен
19%
В какой год в будущее отправился Марти Макфлай в фильме "Назад в Будущее 2"? 2015
19%
Что находится между планктоном и бентосом? нектон
14%
Какая особенность свойственна светлячкам, удильщикам и некоторым грибам? биолюминесценция
14%
Здесь 23 буквы "Н" и 10 букв "Г". Что означает буква "Г"? гласные
10%
No matching quizzes found
Score Distribution
Percent of People with Each Score
Percentile by Number Answered
Your Score History
You have not taken this quiz